[Event "Groningen"]
[Site "Groningen"]
[Date "1994.??.??"]
[Round "4"]
[White "Beliavsky, Alexander G"]
[Black "Sokolov, Ivan"]
[Result "1-0"]
[WhiteElo "2640"]
[BlackElo "2625"]
[Annotator "Ftacnik,L"]
[PlyCount "45"]
[EventDate "1994.12.??"]
[EventType "tourn"]
[EventRounds "11"]
[EventCountry "NED"]
[EventCategory "15"]
[SourceTitle "CBM 045"]
[Source "ChessBase"]
[SourceDate "1995.04.01"]
[SourceVersion "1"]
[SourceVersionDate "1995.04.01"]
[SourceQuality "1"]

1. d4 Nf6 2. c4 g6 3. Nc3 d5 4. cxd5 Nxd5 5. e4 Nxc3 6. bxc3 Bg7 7. Nf3 c5 8.
Rb1 O-O 9. Be2 Qa5 10. O-O Qxc3 11. Bd2 Qa3 12. Qc2 Bd7 13. Rxb7 (13. dxc5 Bc6
(13... Be6 $6 14. Rxb7 Nc6 15. Bb5 Rfc8 16. Qa4 $1 Qxa4 17. Bxa4 Bxa2 18. Rc1
$16 {Vaiser,A-Konopka,M/Frunze/1987/}) 14. Bb5 Na6 15. Rfc1 Nc7 (15... Bxb5 16.
Rxb5 Rfc8 17. Ra5 Qb2 18. Qxb2 Bxb2 19. Rc2 Bg7 20. c6 Rab8 21. Ne1 Nc7 22.
cxb7 Rxb7 23. Rac5 Bd4 24. R5c4 $14 {Sakaev,K-Zagorskis,A/Frunze op/1989/0.5 
(80)}) 16. Rb3 Qxb3 17. Qxb3 Nxb5 18. Qe3 Rad8 19. Ba5 Rd7 20. e5 e6 21. h4
Bxf3 22. Qxf3 Nd4 23. Qe3 Nc6 24. Bc3 $14 {Beliavsky,A-Tukmakov,V/USSR ch/1983/
0.5 (41)}) (13. d5 Ba4 14. Qc4 b5 15. Rxb5 Bxb5 16. Qxb5 Rd8 17. Bg5 c4 18. e5
Nd7 19. d6 $10 {Lerner,K-Veingold,A/USSR/1983/}) 13... cxd4 (13... Bc6 14. Rb3
Ba4 15. Rxa3 Bxc2 16. dxc5 Bxe4 $10 {Miniboeck,G-Konopka,M/Eger/1985/}) 14. Rc1
(14. Bb4 Qa4 15. Qxa4 Bxa4 16. Bxe7 Rc8 17. e5 Nc6 18. Bd6 Bc2 $14 {Gelfand,
B-Itkis,B/USSR/1983/}) 14... Ba4 (14... Bc6 15. Rb3 (15. Bb4 Qxc1+ $1 16. Qxc1
Bxb7 17. Bxe7 Re8 18. Qc7 Ba6 $15) (15. Rc7 Rd8 16. Bd3 $15) 15... Qd6 (15...
Qa4 16. Bf4 Bd7 17. Qd2 $16) 16. Rxb8 Raxb8 17. Qxc6 Qxc6 18. Rxc6 Rfc8 19.
Rxc8+ Rxc8 20. Bd3 $13) 15. Qb1 a5 $2 (15... Nc6 $5 16. Rc4 (16. Bb5 Bxb5 17.
Qxb5 Nd8 18. Rd7 Qxa2 19. Rxe7 Ne6 $17) 16... Rab8 17. Rxc6 Rxb7 18. Qxb7 Bxc6
19. Qxc6 Qxa2 $17) 16. Rc4 $1 Bc6 (16... Nc6 17. Bc1 $18) 17. Rb6 Qd6 (17...
Bd7 $2 18. Bc1 $18) 18. Qc1 Rc8 19. e5 Qc7 (19... Bxe5 20. Nxe5 Qxe5 21. Bf3
$18) 20. Rb2 Nd7 (20... Bxe5 21. Nxe5 Qxe5 22. Bf4 Qf5 23. Bxb8 Raxb8 24. Rxc6
$18) (20... Qd7 21. Nxd4 Bxe5 22. Rxb8 $1 Rcxb8 (22... Bxb8 23. Nxc6 Bd6 24. a4
$16) 23. Nxc6 Rb2 24. Rc2 Rxc2 25. Qxc2 $16) 21. Rbc2 Nxe5 22. Nxe5 (22. Bf4
Nxf3+ 23. Bxf3 Qd8 24. Bxc6 $16) 22... Qxe5 23. Bd3 (23. Bf3 d3 24. R2c3 Qxc3
25. Rxc3 Bxc3 26. Bxc3 Bxf3 27. gxf3 Rc5 $132) (23. Bd3 Qe6 24. Rxc6 Rxc6 25.
Rxc6 Qxa2 26. Rc8+ Rxc8 27. Qxc8+ Bf8 28. Bh6 $18) 1-0

[Event "EU-ch 2nd"]
[Site "Ohrid"]
[Date "2001.06.09"]
[Round "8"]
[White "Aseev, Konstantin N"]
[Black "Van Wely, Loek"]
[Result "0-1"]
[WhiteElo "2577"]
[BlackElo "2670"]
[Annotator "Ftacnik,L"]
[PlyCount "70"]
[EventDate "2001.06.01"]
[EventType "swiss"]
[EventRounds "13"]
[EventCountry "YUG"]
[SourceTitle "CBM 084"]
[Source "ChessBase"]
[SourceDate "2001.09.13"]
[SourceVersion "1"]
[SourceVersionDate "2001.09.13"]
[SourceQuality "1"]

1. d4 Nf6 2. c4 g6 3. Nc3 d5 4. cxd5 Nxd5 5. e4 Nxc3 6. bxc3 Bg7 7. Qa4+ Bd7 8.
Qb3 (8. Qa3 b6 (8... e5 9. Nf3 (9. d5 Qh4 10. Qb4 Bf8 11. Qc4 Na6 12. Nf3 Qf6
13. Be3 b5 14. Qb3 Rb8 15. Be2 Nc5 16. Qc2 b4 17. Bxc5 Bxc5 {0-1 Nielsen,
C-Steffensen,N/DEN/1995/ (46)}) 9... exd4 10. cxd4 Nc6 11. Be3 Bg4 12. Bb5 Qf6
13. Ne5 Bd7 14. Nxd7 Kxd7 15. Rc1 a6 16. Bxc6+ bxc6 17. Qa4 {1-0 Gavrikov,
V-Birnboim,N/Lugano/1989/ (22)}) (8... O-O 9. Nf3 Bg4 10. Be2 Qd6 11. h3 Bc8
12. O-O b6 13. Qb3 c5 14. Be3 Nd7 15. e5 Qc7 16. e6 fxe6 17. Ng5 Nf6 18. Bc4 {
1-0 Gavrilov,A-Gerard,N/Cappelle la Grande/ 1994/ (35)}) 9. Nf3 c5 10. dxc5 O-O
11. Bc4 Bc6 12. O-O Bxe4 13. Ng5 Bd5 14. Rd1 Bxc4 15. Rxd8 Rxd8 16. Be3 Nc6 17.
Nf3 b5 18. h4 b4 19. Qa4 Bxc3 20. Rc1 Bd5 {0-1 Khenkin,I-Neverov,V/Barnaul/
1988/ (42)}) 8... c5 (8... b6 9. Bc4 O-O 10. Ne2 (10. Be3 Nc6 11. Qa3 b5 $1 $19
12. Bd3 b4 $1 13. Qb2 Bg4 14. Ne2 bxc3 15. Nxc3 Bxd4 16. Bxd4 Qxd4 17. Bb1 Rab8
18. Qd2 Qxd2+ 19. Kxd2 Rfd8+ 20. Ke3 Ne5 {0-1 Bayarsaihan,Y-Lhagvasuren,C/
Erdenet/1994/ (54)}) 10... Bc6 11. f3 Bb7 12. O-O Nd7 13. Be3 Rc8 14. Rad1 e5
15. dxe5 Bxe5 16. f4 Bg7 17. e5 Qe7 18. e6 Nc5 19. exf7+ Kh8 20. Bxc5 Qxc5+ 21.
Kh1 Qe3 {1/2-1/2 Bekmukhamedova,T-Nedvoriagina,T/Bratislava 1993/ (68)}) 9. d5
(9. Nf3 Nc6 $13) 9... O-O 10. Bd2 (10. Rb1 e6 11. c4 (11. Qxb7 Bxc3+ 12. Ke2
Qa5 $15) (11. Bc4 Qh4 $15) 11... exd5 12. cxd5 Re8 13. f3 $13) 10... Qc8 11.
Rb1 Na6 12. Nf3 (12. Qxb7 $2 Rb8 13. Bxa6 Rxb7 14. Rxb7 Bb5 $1 $17) 12... e6 {
Van Wely makes a right choice in solving the center, white has beware
opponent's distinct development advantage.} 13. Bc4 (13. Bxa6 bxa6 14. c4 exd5
15. cxd5 Re8 16. O-O Rxe4 17. Bc3 $11) 13... Rb8 14. dxe6 (14. Bf4 $2 b5 $1 15.
Be2 Rb6 $15) 14... Bxe6 15. Bxe6 (15. Bf4 Bxc4 16. Qxc4 b5 17. Rxb5 Rxb5 18.
Qxb5 Bxc3+ $11) 15... Qxe6 16. Qxe6 fxe6 17. Ke2 (17. c4 b6 $11) 17... b5 18.
Rhd1 c4 (18... Rb6 19. h4 $14) 19. Nd4 (19. Be3 Bxc3 20. Rd7 Rf7 21. Rxa7 Rxa7
22. Bxa7 Ra8 23. Bd4 Bxd4 24. Nxd4 b4 25. Nc6 $11) 19... Bxd4 $5 {[%mdl 4096]
Risky continuation as black is striving for some advantage, pawns b4-c4 will
be dangerous enough for white.} (19... Nc5 20. Rxb5 (20. f3 a6 21. Be1 Rbd8 22.
Nc6 Rxd1 23. Rxd1 Nd3 $15) 20... Bxd4 21. Rxb8 Rxb8 22. cxd4 Nxe4 23. f3 Nf6
24. Rc1 Rc8 $11) 20. cxd4 b4 21. Rbc1 (21. Rdc1 Rfc8 22. Be3 Kf7 $11) 21...
Rfc8 22. Bf4 Rb5 23. d5 exd5 24. exd5 (24. Rxd5 Rxd5 25. exd5 Kf7 26. Kd2 c3+
27. Kc2 Rc5 28. d6 Ra5 29. Kb1 Nc5 $15) 24... c3 25. d6 Nb8 (25... Nc5 $5 26.
Rd5 Rb7 27. Be3 Nd7 28. Ra5 Rc6 $15) 26. d7 $1 Rd8 27. Bxb8 Rbxb8 28. Rd5 Kf7 (
28... Rb7 29. a3 $1 bxa3 (29... b3 $2 30. Rxc3 b2 31. Rc8 b1=Q 32. Rxd8+ Kg7
33. Rg8+ Kf7 34. d8=Q $16) 30. Rxc3 $11) 29. Kd3 Ke6 30. Kc4 Rb7 31. Re1+ (31.
a3 $1 bxa3 (31... Rc7+ 32. Rc5 Rxc5+ 33. Kxc5 Rxd7 34. Kxb4 Rd2 35. Kxc3 Rxf2
36. Rc2 $11) 32. Rxc3 Rc7+ 33. Rc5 a2 34. Ra3 Rxc5+ 35. Kxc5 Rxd7 36. Rxa2 $11)
31... Kf7 32. Red1 {Aseev has missed the witty point of black's small
combination, insertion of the move a3 would have kept the balance.} (32. a3
bxa3 33. Kxc3 Rc7+ 34. Kb3 Rcxd7 35. Rxd7+ Rxd7 36. Re2 Rd3+ 37. Kc4 Rd6 38.
Ra2 $11) 32... Ke6 33. Re1+ Kf6 34. Red1 (34. a3 $1) 34... a5 35. f4 $2 (35.
Rxa5 $2 Rbxd7 36. Rxd7 (36. Rc1 Rd1 $19) 36... Rxd7 37. Kxb4 Rc7 $19) (35. Kb3
Ke6 36. Rxa5 Rdxd7 37. Ra6+ (37. Rxd7 Kxd7 38. Rc5 Kd6 39. Rc8 Ke5 $17) 37...
Ke7 38. Rxd7+ Kxd7 39. h4 $15) 35... Rbxd7 $1 (35... Rbxd7 $1 36. Rxd7 Rxd7 37.
Rc1 (37. Rxd7 c2 $19) 37... Rd2 38. a3 Rb2 39. axb4 axb4 40. g4 c2 $19) 0-1

[Event "Bled op 13th"]
[Site "Bled"]
[Date "1992.??.??"]
[Round "4"]
[White "Jelen, Iztok"]
[Black "Mikhalchishin, Adrian"]
[Result "1-0"]
[WhiteElo "2425"]
[BlackElo "2530"]
[Annotator "Ftacnik,L"]
[PlyCount "71"]
[EventDate "1992.03.??"]
[EventType "swiss"]
[EventRounds "9"]
[EventCountry "SLO"]
[SourceTitle "CBM 029"]
[Source "ChessBase"]
[SourceDate "1992.08.01"]
[SourceVersion "1"]
[SourceVersionDate "1992.08.01"]
[SourceQuality "1"]

1. d4 Nf6 2. c4 g6 3. Nc3 d5 4. cxd5 Nxd5 5. e4 Nxc3 6. bxc3 Bg7 7. Be3 O-O 8.
Qd2 c5 9. Nf3 Bg4 10. Ng5 cxd4 11. cxd4 Nc6 12. h3 Bd7 13. Nf3 Rc8 14. Rb1 Na5
15. Be2 {N} (15. Bd3 Be6 16. O-O Bc4 17. Rfd1 $10 {Karpov,An-Kasparov,G/New
York-Lyon/1990/} (17. Bg5 b6 18. Rfe1 Qd7 $10 {Vokac,M-Mikhailchishin,A/
Dortmund-B/1991/}) (17. Rfe1 b6 18. Rbc1 Qd7 {0,5/Sherbakov,R-Novik,M/USR ch58/
1991/})) 15... Be6 16. O-O Bc4 17. d5 b6 18. Rbd1 Qd6 (18... Bxe2 19. Qxe2 Nc4
20. Bd4 $14) 19. Bd4 Rfd8 20. Bxg7 Kxg7 21. Bxc4 Nxc4 22. Qc3+ Kg8 (22... Qf6
23. e5) (22... f6 $6 23. Nd4 $16) 23. Nd4 e5 $2 (23... Qe5 24. Rfe1 $14) 24.
dxe6 Qe5 (24... fxe6 25. Nf5 Qf8 (25... Qe5 26. Qxe5 Nxe5 27. Ne7+ $18) 26.
Rxd8 Rxd8 27. Qxc4 gxf5 28. Qxe6+ Qf7 29. exf5 $18) 25. exf7+ Kxf7 26. Qf3+ Kg8
(26... Ke8 27. Nb3 $16) (26... Kg7 27. Qg4 $16) 27. Nc6 $1 Rxd1 28. Rxd1 (28.
Nxe5 $2 Rxf1+ 29. Kxf1 Nd2+ $17) 28... Qc7 (28... Rxc6 29. Rd8+ Kg7 30. Qf8#)
29. Qf6 Re8 30. f4 a5 31. e5 Ne3 32. Rd8 Rxd8 33. Ne7+ Qxe7 34. Qxe7 Rd2 35. e6
Rxg2+ 36. Kh1 {Ftacnik,L} 1-0

[Event "Hastings 9293"]
[Site "Hastings"]
[Date "1992.??.??"]
[Round "2"]
[White "Bareev, Evgeny"]
[Black "Gurevich, Ilya"]
[Result "1-0"]
[WhiteElo "2670"]
[BlackElo "2510"]
[Annotator "Ftacnik,L"]
[PlyCount "67"]
[EventDate "1992.12.??"]
[EventType "tourn"]
[EventRounds "14"]
[EventCountry "ENG"]
[EventCategory "13"]
[SourceTitle "CBM 033"]
[Source "ChessBase"]
[SourceDate "1993.04.01"]
[SourceVersion "1"]
[SourceVersionDate "1993.04.01"]
[SourceQuality "1"]

1. d4 Nf6 2. c4 g6 3. Nc3 d5 4. cxd5 Nxd5 5. e4 Nxc3 6. bxc3 Bg7 7. Bb5+ Bd7 8.
Be2 c5 9. Nf3 cxd4 10. cxd4 Bc6 11. Qd3 f5 (11... Nd7 12. Rb1 a6 (12... f5 13.
Qb3 Qb6 14. exf5 Qxb3 15. Rxb3 gxf5 16. Ng5 Nf6 17. Bb5 Nd5 18. Bxc6+ bxc6 19.
Rf3 Bxd4 20. Rxf5 Bc3+ 21. Bd2 Bxd2+ 22. Kxd2 Rb8 23. Rc1 Rb2+ 24. Rc2 $14 {
Levin,F-Ernst,T/Groningen op (05)/1991/}) 13. O-O O-O 14. d5 Bb5 15. Qe3 Bxe2
16. Qxe2 b5 17. a4 bxa4 18. Ba3 Re8 19. Rfd1 Ne5 20. Nd4 Rc8 21. Qxa6 Qd7 22.
h3 Ra8 23. Qe2 Rec8 24. Rb4 $13 {Poluliakhov,A-Neverov,V/Katowice op (08)/1992/
}) 12. exf5 (12. Qb3 Qb6 13. exf5 (13. Qc4 Na6 14. Bd2 fxe4 15. Ng5 O-O-O 16.
Ne6 Rxd4 17. Nxd4 Bxd4 18. O-O Bxa1 19. Rxa1 Nc7 20. Qc3 Re8 21. Qe5 Bd5 22.
Rc1 Qd6 {0,5/Ulibin,M-Stohl,I/Chalkidiki (10)/1992/}) 13... Qxb3 14. axb3 gxf5
15. Ra5 e6 16. b4 {0,5/Dreev,A-Ftacnik,L/Brno (9)/1992/}) 12... Qa5+ 13. Bd2
Qxf5 14. Qe3 $5 (14. Qxf5 gxf5 15. O-O (15. Rc1 Bd5 16. Rc5 (16. Bc4 Bxf3 17.
gxf3 Nc6 18. d5 Nd4 19. Be3 Rc8 20. O-O Kd7 21. f4 b5 22. Bd3 Kd6 23. Rfd1 a6
24. Rb1 $10 {Aseev,K-Mikhalchishin,A/Brno-B (11)/1991/}) 16... e6 17. Rc7 O-O
18. O-O Nc6 19. Rxb7 Rab8 20. Rxb8 Rxb8 21. Bc3 Bxa2 22. Ne5 Rc8 23. Ra1 Bd5
24. Ba6 $15 {Yakovich,Y-Wegner,H/Belgorod/1991/}) 15... Bd5 16. Ne5 O-O 17.
Rfd1 Nc6 18. Nxc6 bxc6 19. Bf4 c5 20. Be5 cxd4 21. Bxg7 Kxg7 22. Rxd4 e6 23.
Bc4 Bxc4 24. Rxc4 $10 {Nikolaev,S-Berebora,F/Gyor HUN-ch op/1990/}) 14... Bd5 (
14... Nd7 15. O-O Qe4 16. Bc4 $14) 15. O-O Nc6 16. Rab1 O-O 17. Rxb7 Rab8 (
17... Nxd4 18. Nxd4 Bxd4 19. Qxd4 Bxb7 20. Bc4+ Rf7 21. Re1 $16) 18. Rxb8 Rxb8
19. Rc1 Rb2 (19... Bxf3 20. Bxf3 Nxd4 21. Be4 $14) 20. Bc4 Bxc4 21. Rxc4 Qd5 (
21... Rb1+ 22. Bc1 $16) 22. Rc5 Qd6 (22... Rb1+ 23. Be1 Qd6 24. Qe4 Rb6 25. Rd5
$16) 23. Qe4 Nxd4 24. Rc8+ Bf8 (24... Kf7 25. Ng5+ Kf6 26. Nxh7+ Kf7 27. Ng5+
Kf6 28. Bc3 $18) 25. Bh6 $1 (25. Nxd4 Rxd2) 25... Rb8 (25... Nxf3+ 26. gxf3 Rb8
27. Bf4 $1 Qd1+ (27... e5 28. Rxb8 Qxb8 29. Qd5+ $18) 28. Kg2 Rxc8 29. Qe6+ Kg7
30. Be5+ Kh6 31. Qh3+ Kg5 32. f4#) 26. Rxf8+ Rxf8 27. Nxd4 Rd8 28. Nf3 Qd1+ 29.
Ne1 Kf7 30. Bg5 Rd7 31. h4 h6 32. Bxh6 Rd6 33. a3 Qa1 (33... Re6 34. Qf3+ Qxf3
35. Nxf3 $18) 34. Bd2 $1 (34. Bd2 $1 Rxd2 35. Qf4+ $18) 1-0

[Event "Sao Paulo m"]
[Site "Sao Paulo"]
[Date "1992.??.??"]
[Round "3"]
[White "Seirawan, Yasser"]
[Black "Mecking, Henrique"]
[Result "1/2-1/2"]
[WhiteElo "2600"]
[BlackElo "2610"]
[Annotator "Ftacnik,L"]
[PlyCount "64"]
[EventDate "1992.03.??"]
[EventType "match"]
[EventRounds "6"]
[EventCountry "BRA"]
[SourceTitle "CBM 030"]
[Source "ChessBase"]
[SourceDate "1992.10.01"]
[SourceVersion "1"]
[SourceVersionDate "1992.10.01"]
[SourceQuality "1"]

1. d4 Nf6 2. c4 g6 3. Nc3 d5 4. cxd5 Nxd5 5. e4 Nxc3 6. bxc3 Bg7 7. Be3 c5 8.
Nf3 Qa5 9. Qd2 Nc6 10. Rc1 cxd4 11. cxd4 Qxd2+ 12. Kxd2 O-O 13. Bb5 f5 14. exf5
Rxf5 15. Bc4+ (15. Bd3 Rf8 16. Bc4+ Kh8 17. h4 Bg4 18. Ng5 $36) 15... Kf8 $1
16. Rhd1 Bd7 17. Ke1 $1 (17. Ke2 Na5 18. Bd3 Bb5 $10) 17... Bf6 18. Bb3 $6 (18.
d5 Ne5 (18... Na5 19. Be2 Ba4 20. Rd2 Rd8 21. Nd4 (21. Bxa7 Rdxd5 (21... Rfxd5
22. Bb6 $1) 22. Bd3 $14) 21... Bxd4 22. Rxd4 Be8 23. Bg4 Rfxd5 24. Be6 Rxd4 25.
Bh6#) 19. Be2 Ng4 (19... Nxf3+ 20. Bxf3 $16) 20. h3 $5 Nxe3 21. fxe3 $36) 18...
Na5 19. Rc7 Nxb3 (19... Ke8 $2 20. Bg8 $1) 20. Rxd7 Na5 21. d5 Ke8 22. Rc7 Rd8
23. Bxa7 $2 (23. d6 exd6 24. Rxh7 Rd7 25. Rxd7 Kxd7 26. Bxa7 Nc6 27. Be3 Ra5
$14) 23... Rfxd5 24. Rb1 (24. Rxd5 Rxd5 25. Bb6 Rb5 26. Bxa5 Rxa5 27. Rc2 $14)
24... R8d7 25. Rxd7 Kxd7 26. a4 Nc6 27. Be3 Kc8 28. Nd2 Bd4 29. Ke2 Kc7 30. Nc4
Bxe3 31. Kxe3 Rc5 32. Kd3 Rd5+ {Ftacnik,L} 1/2-1/2

[Event "Sao Paulo m"]
[Site "Sao Paulo"]
[Date "1992.??.??"]
[Round "1"]
[White "Seirawan, Yasser"]
[Black "Mecking, Henrique"]
[Result "1-0"]
[WhiteElo "2600"]
[BlackElo "2610"]
[Annotator "Ftacnik,L"]
[PlyCount "73"]
[EventDate "1992.03.??"]
[EventType "match"]
[EventRounds "6"]
[EventCountry "BRA"]
[SourceTitle "CBM 030"]
[Source "ChessBase"]
[SourceDate "1992.10.01"]
[SourceVersion "1"]
[SourceVersionDate "1992.10.01"]
[SourceQuality "1"]

1. d4 Nf6 2. c4 g6 3. Nc3 d5 4. cxd5 Nxd5 5. e4 Nxc3 6. bxc3 Bg7 7. Be3 c5 8.
Nf3 Nc6 9. Rc1 cxd4 (9... Qa5 10. d5 Bxc3+ 11. Rxc3 Qxc3+ 12. Bd2 Qf6 13. dxc6
Qxc6 14. Qb1 $14) 10. cxd4 Qa5+ 11. Bd2 $5 Qxa2 12. d5 Ne5 (12... Na5 13. Rc2
$1 Qa3 14. Bb5+ Bd7 15. Qb1 Qb3 16. Bxd7+ Kxd7 17. Rc7+ $40) (12... Nd4 13. Bc3
Nxf3+ 14. Qxf3 Qa3 (14... Bxc3+ 15. Qxc3 O-O 16. Ra1 $18) 15. Bb5+ Bd7 16.
Bxd7+ Kxd7 17. O-O Rhc8 18. Bxg7 Qxc1 19. Qxf7 $40) 13. Nxe5 Bxe5 14. Bb5+ Bd7
(14... Kf8 $2 15. Bh6+ Bg7 (15... Kg8 16. O-O $16) 16. Bxg7+ Kxg7 17. Qd4+ f6
18. Qb4 $1 Kf7 19. Rc7 Qa1+ 20. Ke2 Qe5 21. d6 $18) 15. Qe2 $5 (15. Qg4 $5 e6 (
15... Rd8 16. Qxd7+ $1 Rxd7 17. Rc8#) (15... f5 16. Bxd7+ Kxd7 17. exf5 Qxd5
18. O-O gxf5 19. Qxf5+ Qe6 20. Qf3 $16) 16. Bc4 Qa4 17. dxe6 fxe6 18. Bxe6 Bc6
19. O-O $16) 15... a6 (15... Rd8 16. Bxd7+ Kxd7 (16... Rxd7 17. Rc8+ Rd8 18.
Qb5+ $18) 17. Qb5+ Kd6 18. Rc6+ $18) 16. Bxd7+ Kxd7 17. Qg4+ Kd8 18. Qg5 $1 (
18. Be3 Qa5+ 19. Ke2 Qb5+ 20. Kf3 f5 $13) 18... f6 (18... Bb2 19. d6 $1 $40)
19. Qe3 Qa4 20. O-O Ke8 21. Bc3 $1 Bxc3 22. Rxc3 Kf7 23. e5 $1 (23. Rc7 Rhc8
24. Rxb7 Rab8 $14) 23... Rac8 (23... fxe5 24. Qxe5 Rhe8 (24... Qd7 25. Rc7 Qd8
26. d6 $18) 25. Rf3+ Kg8 26. Qe6+ Kh8 27. Rf7 Qd4 28. Qh3 h5 29. Qe6 $18) 24.
Rxc8 $3 (24. exf6 Qd7 $1 25. fxe7 Rxc3 26. Qxc3 Re8 $14) 24... Rxc8 25. Qh3 $1
Rf8 (25... Qe8 $2 26. Qxh7+ Kf8 27. e6 $18) (25... Rh8 26. Qe6+ Kf8 27. exf6
Qe8 28. Re1 $18) 26. Qxh7+ Ke8 27. e6 $1 Qe4 (27... Kd8 28. d6 Qe8 29. d7 $18)
(27... Qd4 28. Qxg6+ Kd8 29. Qc2 $18) 28. Rc1 Kd8 29. d6 (29. Qf7 $1 Rh8 30. d6
$18) 29... Qxe6 30. dxe7+ Qxe7 31. Rc8+ Kxc8 32. Qxe7 Rd8 33. h4 b5 34. Qxf6
Rd1+ 35. Kh2 Kb7 36. Qf3+ Kb6 37. Qxd1 {Ftacnik,L} 1-0

[Event "ISL-FRA"]
[Site "Reykjavik"]
[Date "1993.??.??"]
[Round "9"]
[White "Petursson, Margeir"]
[Black "Kouatly, Bachar"]
[Result "1/2-1/2"]
[WhiteElo "2560"]
[BlackElo "2505"]
[Annotator "Ftacnik,L"]
[PlyCount "82"]
[EventDate "1993.??.??"]
[EventType "schev"]
[EventRounds "10"]
[EventCountry "ISL"]
[SourceTitle "CBM 035"]
[Source "ChessBase"]
[SourceDate "1993.08.01"]
[SourceVersion "1"]
[SourceVersionDate "1993.08.01"]
[SourceQuality "1"]

1. c4 Nf6 2. Nc3 g6 3. d4 d5 4. cxd5 Nxd5 5. e4 Nxc3 6. bxc3 Bg7 7. Nf3 c5 8.
Rb1 O-O 9. Be2 Qa5 10. O-O Qxa2 11. Bg5 cxd4 12. cxd4 Re8 13. d5 (13. Bb5 Bd7
14. Bxd7 Nxd7 15. Rxb7 Nf6 16. Qa1 Qxa1 17. Rxa1 Nxe4 18. Bxe7 a5 $10 {
Foisor-Gulko,B/Sochi/1985/}) 13... b6 14. e5 Ba6 15. Re1 (15. Bxa6 Qxa6 16. d6
exd6 17. exd6 $13) 15... Nd7 16. Bxa6 Qxa6 17. e6 fxe6 18. Rxe6 Bf6 19. d6 Qc4
20. Qe1 Nc5 21. Re3 Bxg5 22. Nxg5 e5 23. Rxe5 Rxe5 24. Qxe5 h6 25. Qf6 $5 (25.
Nf3 Qe4 26. Qa1 $14) 25... hxg5 26. Qxg6+ Kf8 27. Qh6+ Kg8 (27... Kf7 $2 28.
Re1 $1) 28. Qxg5+ Kh8 29. Qh5+ (29. Re1 Qg8) 29... Kg8 30. Re1 Ne6 $1 31. h4
Ng7 32. Qg5 Qc5 33. Qh6 Rf8 34. Re3 Qf5 35. Re2 Qf6 36. Qd2 Rd8 37. Qd5+ Qf7
38. Qc6 Qd7 39. Qd5+ Qf7 40. Qc6 Qd7 41. Qd5+ Qf7 $13 1/2-1/2

[Event "Hoogovens op"]
[Site "Wijk aan Zee"]
[Date "1993.01.??"]
[Round "4"]
[White "Christiansen, Larry Mark"]
[Black "Huzman, Alexander"]
[Result "0-1"]
[WhiteElo "2620"]
[BlackElo "2510"]
[Annotator "Ftacnik,L"]
[PlyCount "86"]
[EventDate "1993.01.??"]
[EventType "swiss"]
[EventRounds "12"]
[EventCountry "NED"]
[SourceTitle "CBM 034"]
[Source "ChessBase"]
[SourceDate "1993.06.01"]
[SourceVersion "1"]
[SourceVersionDate "1993.06.01"]
[SourceQuality "1"]

1. d4 Nf6 2. c4 g6 3. Nc3 d5 4. cxd5 Nxd5 5. e4 Nxc3 6. bxc3 Bg7 7. Bb5+ c6 8.
Ba4 b5 9. Bb3 b4 10. Qf3 O-O (10... e6 11. Ne2 bxc3 12. Qxc3 O-O 13. Ba3 Re8
14. O-O Nd7 15. Qxc6 Nb6 16. e5 Ba6 17. Rfe1 Rc8 18. Qe4 Nc4 19. Bb4 Qd7 20.
Nc3 Red8 21. Rad1 Nb2 22. Rd2 Nc4 23. Bxc4 Rxc4 24. Ba5 Rdc8 25. Qe3 Bb7 26. f3
$14 {Ruban,V-Dvoirys,S/St.Petersburg zt (8)/1993/0.5 (41)}) 11. Ne2 bxc3 (11...
e5 12. O-O exd4 13. cxd4 Ba6 14. Rd1 Nd7 15. a3 c5 16. axb4 Bxe2 17. Qxe2 cxd4
18. Bd5 d3 19. Rxd3 Bxa1 20. Bxa8 $16 {Kramnik,V-Adorjan,A/Debrecen/1992/1-0 
(45)}) 12. O-O (12. Qxc3 Bb7 13. Bg5 (13. f3 Na6 14. Be3 c5 15. Rd1 Rc8 16. Qd2
cxd4 17. Bxd4 Bxd4 18. Qxd4 Qa5+ 19. Kf2 Nc5 20. Qe3 Ba6 21. Rd2 Nxb3 22. axb3
Bxe2 23. Qxe2 Rc3 24. Rd3 Qb6+ 25. Qe3 {Wegner,H-Ftacnik,L/Hamburg op/1993/0-1
(25)}) 13... Na6 $1 14. e5 c5 15. d5 Nb4 16. Rd1 Qc7 17. f4 Rad8 18. d6 $4 (18.
Rc1 $1 Nxd5 19. Qxc5 Qxc5 20. Rxc5 f6 $36) 18... Rxd6 19. Rxd6 exd6 20. a3 Nd5
21. Qd3 c4 22. Bxc4 dxe5 23. Bxd5 Qa5+ 24. Kf2 Bxd5 25. fxe5 f6 26. Bd2 {
Ftacnik,L-Adorjan,A/Budapest zt-A (09)/1993/0.5 (60)}) (12. h4 c5 13. h5 cxd4
14. hxg6 e6 15. Qh5 fxg6 16. Qxh7+ Kf7 17. Bh6 Qf6 18. Bxg7 Qxg7 19. Nxd4 Re8
20. O-O-O Na6 21. Rd3 Qxh7 22. Rxh7+ Kf6 23. f4 g5 24. e5+ Kg6 {Groszpeter,
A-Horvath,C/HUN-ch (09)/1992/1-0 (25)}) 12... Ba6 13. Bg5 $146 (13. Rd1 c5 14.
dxc5 Qa5 15. e5 Nc6 16. Qxc6 Bxe2 17. Re1 c2 18. Rxe2 Qc3 19. f4 Rad8 20. Kf2
Qxa1 21. Rxc2 Rd1 22. Bd2 Rd8 23. Bc3 Rf1+ 24. Kg3 Rd3+ 25. Kh4 Rxf4+ 26. g4 {
Groszpeter,A-Adorjan,A/HUN-ch (02)/1992/0-1 (27)}) 13... Nd7 (13... c2 14. Rac1
Bxd4 (14... Bxe2 15. Qxe2 Qxd4 16. Rxc2 $14) 15. Nxd4 Bxf1 16. Qc3 Ba6 17. Nf5
gxf5 18. Bh6 $18) (13... Bxe2 14. Qxe2 Bxd4 (14... Qxd4 15. Bxe7 Re8 16. Rad1
Qe5 17. Ba3 $16) 15. Rad1 Qd6 16. Bh6 Rd8 (16... Nd7 17. Rxd4 $1 Qxd4 18. Rd1
$18) (16... c5 17. Bxf8 Kxf8 18. e5 $1 Qc6 19. e6 $40) 17. e5 $1 Qc5 18. Qf3 e6
19. Qf6 $18) 14. Rfd1 c2 $1 (14... Bxe2 15. Qxe2 c5 16. dxc5 c2 17. Qxc2 Bxa1
18. c6 $16) (14... c5 15. Nxc3 cxd4 16. Nd5 Re8 17. Rac1 $44) 15. Bxc2 c5 16.
Nf4 (16. dxc5 Bxa1 17. c6 Ne5 $19) 16... Bxd4 (16... cxd4 17. Qa3 $1 d3 18.
Bxe7 $1 (18. Bxd3 Bxa1 19. Bxa6 Bf6 20. Bxf6 exf6 21. Bb5 Qb8 $1) 18... Qb8 (
18... dxc2 19. Bxd8 Rfxd8 20. Qxa6 $18) 19. Bxd3 Bxd3 (19... Qxf4 20. Bxf8 Bxa1
21. Bd6 Qg4 22. f3 Bd4+ 23. Kh1 $18) 20. Nxd3 $16) 17. Rab1 Ne5 18. Qg3 (18.
Qa3 Bc4 $1 (18... Qd6 19. Nd5 f6 (19... Ng4 20. Bf4 $1 Be5 21. Qg3 $18) 20. Bf4
$44) 19. Rxd4 cxd4 20. Bxe7 Qd7 21. Bxf8 Rxf8 22. Qc5 d3 $17) 18... Qd6 (18...
Bc4 $1 19. Bb3 Bxb3 20. Qxb3 $1 $44) 19. Nd5 $2 (19. Bb3 $1 Kh8 $13) 19... f6
20. Be3 e6 21. Nf4 Bc4 $1 22. Rb7 Rf7 23. Rxf7 Kxf7 24. Bb3 Bxb3 25. axb3 Rd8
26. h4 (26. b4 Qb6 27. bxc5 Bxe3 28. cxb6 Rxd1#) 26... Qb6 27. Bxd4 Rxd4 28.
Re1 a5 29. h5 g5 $1 30. Nh3 h6 31. Re3 (31. f4 Rd3 $1) 31... c4 32. Kh2 (32.
bxc4 Qb1+ 33. Kh2 Rd1 $19) 32... cxb3 33. f4 (33. Rxb3 Ng4+ 34. Kh1 Rd1+ 35.
Ng1 Nxf2+ 36. Kh2 Ng4+ 37. Kh3 Qxb3 $1 38. Qxb3 Rd3+ 39. Qxd3 Nf2+ 40. Kg3 Nxd3
$19) 33... gxf4 34. Qxf4 b2 35. Rg3 Qb8 36. Nf2 Qf8 (36... b1=Q 37. Qxh6 Ke7
$19) 37. Qe3 b1=Q 38. Qxd4 Qbb4 39. Qa7+ Qfe7 40. Qa8 Qf8 41. Qa7+ Qbe7 42.
Qxa5 Qc5 43. Qd2 Qfd6 (43... Qfd6 44. Qxh6 Nf3+ 45. Kh3 Ng5+ $19) 0-1